[Event "OFFICIAL WORLD CHESS CHAMPIONSHIP"]
[Site "SchemingMind.com"]
[Date "2005.04.06"]
[Round "-"]
[White "twotone"]
[Black "Steven DuCharme"]
[Result "0-1"]
[WhiteCountry "ENG"]
[BlackCountry "USA"]
[WhiteElo "1482"]
[WhiteRD "73"]
[BlackElo "1473"]
[BlackRD "86"]
[GameID "12278"]

1. d4 b6 2. Nc3 Ba6 3. Nf3 Nf6 4. Bg5 e6 5. g3 Be7 6. Bg2 Bb7 7. Bxf6 Bxf6 8. e4 O-O 9. Qd2 d6 10. Rd1 Nd7
11. O-O Re8 12. Rfe1 Nf8 13. d5 e5 14. Ne2 a5 15. c4 Nd7 16. a3 Nc5 17. Qc2 a4 18. Nc3 Ba6 19. Nd2 Qd7 20. b4 axb3
21. Nxb3 Bxc4 22. Nxc5 bxc5 23. a4 Reb8 24. Ra1 Bb3 25. Qd2 Bxa4 26. Ra3 Bb3 27. Rea1 Rxa3 28. Rxa3 c4 29. Bf1 h6 30. Nb1 Bg5
31. Qc3 Qb5 32. Ra5 Qb4 33. Ra7 Qxc3 34. Nxc3 Bd8 35. f4 exf4 36. gxf4 Bf6 37. Na4 Bd4+ 38. Kg2 Bxa7 39. Nb2 c3 40. Nd3 Bc4
41. h3 Bxd3 42. Bxd3 c2 43. Bxc2 Rb2 44. Kg3 Rxc2 45. Kg4 Rc3 46. h4 Bf2 47. h5 g6 48. hxg6 fxg6 49. f5 Rg3+ 50. Kf4 g5#
0-1

[Event "OFFICIAL WORLD CHESS CHAMPIONSHIP"]
[Site "SchemingMind.com"]
[Date "2005.04.06"]
[Round "-"]
[White "twotone"]
[Black "ana_goldberg"]
[Result "1-0"]
[WhiteCountry "ENG"]
[BlackCountry "ISR"]
[WhiteElo "1415"]
[WhiteRD "82"]
[BlackElo "1257"]
[BlackRD "95"]
[GameID "12279"]

1. d4 d5 2. e3 c5 3. c3 Nf6 4. Bd3 e6 5. f4 Be7 6. Nf3 O-O 7. Ne5 Qc7 8. O-O Nbd7 9. Qf3 b6 10. g4 Bb7
11. Nd2 c4 12. Bc2 Qc6 13. Qh3 Nxe5 14. fxe5 Nd7 15. Qxh7#
1-0

[Event "OFFICIAL WORLD CHESS CHAMPIONSHIP"]
[Site "SchemingMind.com"]
[Date "2005.04.06"]
[Round "-"]
[White "twotone"]
[Black "Open Defence"]
[Result "1-0"]
[WhiteCountry "ENG"]
[BlackCountry "IND"]
[WhiteElo "1482"]
[WhiteRD "73"]
[BlackElo "1418"]
[BlackRD "75"]
[GameID "12280"]

1. d4 Nf6 2. e3 e6 3. Bd3 b6 4. f4 Ba6 5. c4 d5 6. Nf3 Bb4+ 7. Bd2 Qe7 8. b3 O-O 9. O-O dxc4 10. bxc4 c5
11. Bxb4 cxb4 12. Nbd2
1-0

[Event "OFFICIAL WORLD CHESS CHAMPIONSHIP"]
[Site "SchemingMind.com"]
[Date "2005.04.06"]
[Round "-"]
[White "twotone"]
[Black "AaronB"]
[Result "1-0"]
[WhiteCountry "ENG"]
[BlackCountry "USA"]
[WhiteElo "1415"]
[WhiteRD "82"]
[BlackElo "1582"]
[BlackRD "69"]
[GameID "12281"]

1. d4 Nf6 2. e3 d5 3. Bd3 c5 4. c3 Nbd7 5. f4 g6 6. Nf3 Bg7 7. O-O O-O 8. Ne5 c4 9. Bc2 Nxe5 10. fxe5 Nd7
11. Qf3 Nb6 12. b3 f6 13. Ba3 fxe5 14. Qe2 e4 15. Nd2 Qc7 16. Rab1 Rxf1+ 17. Rxf1 e5 18. bxc4 exd4 19. exd4 Be6 20. c5 Nd7
21. c4 Bxd4+ 22. Kh1 Bxc5 23. cxd5 Bxd5 24. Bxc5 Qxc5 25. Nxe4 Bxe4 26. Bxe4 Re8 27. h3 Qd4 28. Bd5+ Qxd5 29. Qxe8+ Kg7 30. Qe7+ Kg8
31. Rf2 b5 32. Re2 Qf7 33. Qd8+ Nf8 34. Kg1 Qd7 35. Qa5 Qd1+ 36. Re1 Qd4+ 37. Kh1 Qa4 38. Qxa4 bxa4 39. Re8 Kf7 40. Ra8 Ne6
41. Rxa7+ Kf6 42. Rxa4 Nc5 43. Ra7 h6 44. a4 Ke6 45. a5 Kd6 46. Rg7 Kc6 47. Rxg6+ Kb5 48. Rxh6 Kxa5 49. g4 Ne4 50. Kg2 Kb5
51. h4 Kc5 52. g5 Nxg5 53. hxg5 Kd5 54. g6 Ke6 55. Rh8 Kf6 56. Rg8 Kg5 57. Kg3 Kh5 58. Kf4 Kh6 59. Kf5 Kh5 60. Rh8#
1-0

[Event "OFFICIAL WORLD CHESS CHAMPIONSHIP"]
[Site "SchemingMind.com"]
[Date "2005.04.06"]
[Round "-"]
[White "twotone"]
[Black "Gordon"]
[Result "0-1"]
[WhiteCountry "ENG"]
[BlackCountry "ENG"]
[WhiteElo "1415"]
[WhiteRD "82"]
[BlackElo "1992"]
[BlackRD "70"]
[GameID "12282"]

1. d4 Nf6 2. e3 d5 3. Bd3 c5 4. c3 Nc6 5. f4 Bg4 6. Nf3 e6 7. O-O Bd6 8. Bd2 O-O 9. h3 Bf5 10. Bxf5 exf5
11. Be1 Re8 12. Ne5 Rc8 13. Bg3 Ne4 14. Bh2 Qb6 15. Nd2 Qxb2 16. Nxe4 fxe4 17. Qb3 Qxb3 18. axb3 a6 19. f5 cxd4 20. Nxc6 Bxh2+
21. Kxh2 Rxc6 22. cxd4 Rec8 23. Rab1 Rc2 24. f6 R8c3 25. Rfe1 gxf6 26. b4 Ra2 27. Kg3 Rcc2 28. Rg1 Re2 29. Rb3 Rab2 30. Rxb2 Rxb2
31. Rf1 Rxb4 32. Rxf6 a5 33. Rd6 a4 34. Rxd5 Rb6 35. Re5 a3 36. Ra5 Ra6 37. Rc5 a2 38. Rc1 a1=Q 39. Rxa1 Rxa1 40. Kf4 b5
41. Kxe4 b4 42. d5 b3 43. d6 b2 44. d7 Rd1 45. Kf5 b1=Q+ 46. Kf6 Rxd7
0-1

[Event "OFFICIAL WORLD CHESS CHAMPIONSHIP"]
[Site "SchemingMind.com"]
[Date "2005.04.06"]
[Round "-"]
[White "twotone"]
[Black "drako"]
[Result "0-1"]
[WhiteCountry "ENG"]
[BlackCountry "LAT"]
[WhiteElo "1482"]
[WhiteRD "73"]
[BlackElo "1833"]
[BlackRD "94"]
[GameID "12283"]

1. d4 Nf6 2. e3 b6 3. Bd3 Bb7 4. Nf3 g6 5. O-O Bg7 6. c4 O-O 7. d5 b5 8. b3 bxc4 9. bxc4 Nxd5 10. Nd4 Nf4
11. Nc3 Bxg2 12. Re1 Nc6 13. exf4 Bxd4 14. Qc2 Nb4 15. Qd2 Bb7 16. Rb1 c5 17. Na4 Nxd3 18. Qxd3 Bc6 19. Nc3 e6 20. Ne4 d5
21. Ng3 dxc4 22. Qxc4 Bd5 23. Qe2 Qa5 24. a3 Rfb8 25. Rxb8+ Rxb8 26. Qd1 Bf3 27. Ne2 Qd8 28. Kf1 Qh4 29. Ng1 Qxf2#
0-1

[Event "OFFICIAL WORLD CHESS CHAMPIONSHIP"]
[Site "SchemingMind.com"]
[Date "2005.04.06"]
[Round "-"]
[White "twotone"]
[Black "Xabaras"]
[Result "1-0"]
[WhiteCountry "ENG"]
[BlackCountry "CAY"]
[WhiteElo "1482"]
[WhiteRD "73"]
[BlackElo "1172"]
[BlackRD "123"]
[GameID "12285"]

1. d4 Nf6 2. Nc3 d5 3. e3 e6 4. f4 b6 5. Bd3 Ba6 6. Nf3 Bxd3 7. Qxd3 Bb4 8. Bd2 Nbd7 9. O-O O-O 10. Rae1 c5
11. a3 cxd4 12. axb4 dxc3 13. Bxc3 Ne4 14. Nd2
1-0

[Event "OFFICIAL WORLD CHESS CHAMPIONSHIP"]
[Site "SchemingMind.com"]
[Date "2005.04.07"]
[Round "-"]
[White "Steven DuCharme"]
[Black "twotone"]
[Result "1-0"]
[WhiteCountry "USA"]
[BlackCountry "ENG"]
[WhiteElo "1473"]
[WhiteRD "86"]
[BlackElo "1482"]
[BlackRD "73"]
[GameID "12286"]

1. Nf3 b6 2. g3 Nc6 3. Bg2 d5 4. d4 e6 5. O-O Bd6 6. Nc3 Nf6 7. Re1 O-O 8. e4 dxe4 9. Nxe4 e5 10. Bg5 exd4
11. Nxd4 Ne5 12. Nxf6+ gxf6 13. Bxa8 Bg4 14. Bf3 Nxf3+ 15. Nxf3 fxg5 16. Qd3 Qf6 17. Nd4 Bh5 18. c3 Bc5 19. b4 Bd6 20. Qe3 Bg6
21. Qf3 Qg7 22. Rac1 c5 23. bxc5 Bxc5 24. Nf5 Bxf5 25. Qxf5 h6 26. a4 a5 27. Qd7 Qf6 28. Re2 Kg7 29. Qd3 Qc6 30. Re4 Qg6
31. Qe2 Rc8 32. Re8 Rc7 33. Qe5+ Qf6 34. Rg8+ Kxg8 35. Qxf6 Kh7 36. Qe5 Re7 37. Qf5+ Kg7 38. Rd1 Re2 39. Rd7 Bxf2+ 40. Kf1
1-0

[Event "OFFICIAL WORLD CHESS CHAMPIONSHIP"]
[Site "SchemingMind.com"]
[Date "2005.04.06"]
[Round "-"]
[White "ana_goldberg"]
[Black "twotone"]
[Result "0-1"]
[WhiteCountry "ISR"]
[BlackCountry "ENG"]
[WhiteElo "1257"]
[WhiteRD "95"]
[BlackElo "1415"]
[BlackRD "82"]
[GameID "12287"]

1. d4 Nf6 2. c4 c6 3. Nc3 e6 4. e4 d5 5. e5 Nfd7 6. f4 Bb4 7. Nf3 O-O 8. Qc2 f6 9. cxd5 cxd5 10. Bd3 Nc6
11. Bd2 a6 12. g4 fxe5 13. Nxe5 Nxd4 14. O-O-O Nxc2 15. Bxc2 Nxe5 16. fxe5 d4
0-1

[Event "OFFICIAL WORLD CHESS CHAMPIONSHIP"]
[Site "SchemingMind.com"]
[Date "2005.04.07"]
[Round "-"]
[White "Open Defence"]
[Black "twotone"]
[Result "0-1"]
[WhiteCountry "IND"]
[BlackCountry "ENG"]
[WhiteElo "1418"]
[WhiteRD "75"]
[BlackElo "1482"]
[BlackRD "73"]
[GameID "12288"]

1. d4 d5 2. c4 c6 3. Nf3 g6 4. e3 Bg7 5. Bd3 Nf6 6. Nbd2 O-O 7. c5 b6 8. b4 bxc5 9. bxc5 e6 10. Ne5 Nfd7
11. Ndf3 Qc7
0-1

[Event "OFFICIAL WORLD CHESS CHAMPIONSHIP"]
[Site "SchemingMind.com"]
[Date "2005.04.06"]
[Round "-"]
[White "AaronB"]
[Black "twotone"]
[Result "1-0"]
[WhiteCountry "USA"]
[BlackCountry "ENG"]
[WhiteElo "1582"]
[WhiteRD "69"]
[BlackElo "1415"]
[BlackRD "82"]
[GameID "12289"]

1. c4 e5 2. Nc3 Nf6 3. g3 Bc5 4. Bg2 c6 5. e3 a6 6. d4 exd4 7. exd4 Bb4 8. Bd2 O-O 9. a3 Bxc3 10. Bxc3 Re8+
11. Ne2 d5 12. c5 Ne4 13. O-O Bg4 14. f3 Nxc3 15. Nxc3 Bh5 16. Re1 Nd7 17. Ne2 f6 18. Nf4 Bf7 19. Bh3 b6 20. b4 Nf8
21. Ra2 a5 22. Ree2 Rxe2 23. Rxe2 axb4 24. axb4 Ra3 25. Kf2 Nd7 26. Re3 Ra2+ 27. Re2= Qa8 28. Bxd7 Ra1 29. Bxc6 Qa3 30. Qd2 bxc5
31. bxc5 Qa6 32. Bxd5 Bxd5 33. Nxd5 Qc6 34. Ne7+ Kf8 35. Nxc6 Ra6 36. Re8+ Kxe8 37. Qe2+ Kd7 38. Qxa6 Ke8 39. Qb7 Kf8 40. Qe7+
1-0

[Event "OFFICIAL WORLD CHESS CHAMPIONSHIP"]
[Site "SchemingMind.com"]
[Date "2005.04.06"]
[Round "-"]
[White "Gordon"]
[Black "twotone"]
[Result "1-0"]
[WhiteCountry "ENG"]
[BlackCountry "ENG"]
[WhiteElo "1992"]
[WhiteRD "70"]
[BlackElo "1415"]
[BlackRD "82"]
[GameID "12290"]

1. e4 e5 2. Nf3 Nf6 3. Nxe5 Nxe4 4. Qe2 Nd6 5. Nc6+ Be7 6. Nxd8 Kxd8 7. Qg4 g6 8. Bc4 h5 9. Qd4 Nc6 10. Qxh8+ Ne8
11. Bxf7
1-0

[Event "OFFICIAL WORLD CHESS CHAMPIONSHIP"]
[Site "SchemingMind.com"]
[Date "2005.04.06"]
[Round "-"]
[White "drako"]
[Black "twotone"]
[Result "1-0"]
[WhiteCountry "LAT"]
[BlackCountry "ENG"]
[WhiteElo "1637"]
[WhiteRD "127"]
[BlackElo "1415"]
[BlackRD "82"]
[GameID "12291"]

1. e4 e5 2. Nf3 d6 3. d4 f6 4. Nc3 c6 5. Bc4 Ne7 6. O-O d5 7. Bb3 Be6 8. dxe5 fxe5 9. Nxe5 Qd6 10. exd5 cxd5
11. Bf4 Nbc6 12. Nb5 Qb4 13. Nc7+ Kd8 14. Nxe6+ Ke8 15. Nc7+ Kd8 16. Nf7+ Kc8 17. Qg4+ Kb8 18. Na6#
1-0

[Event "OFFICIAL WORLD CHESS CHAMPIONSHIP"]
[Site "SchemingMind.com"]
[Date "2005.04.06"]
[Round "-"]
[White "Xabaras"]
[Black "twotone"]
[Result "0-1"]
[WhiteCountry "CAY"]
[BlackCountry "ENG"]
[WhiteElo "1172"]
[WhiteRD "123"]
[BlackElo "1482"]
[BlackRD "73"]
[GameID "12293"]

1. d4 d5 2. c4 c6 3. Nf3 Bg4 4. Ne5 Bf5 5. cxd5 cxd5 6. Nc3 Nf6 7. Qa4+ Nbd7 8. Bg5 Be6 9. Bxf6 exf6 10. Nxd7 Bxd7
11. Qb3 Bc6 12. e3 Be7 13. Bb5 a6 14. Bxc6+ bxc6 15. Ke2 Rb8
0-1

[Event "OFFICIAL WORLD CHESS CHAMPIONSHIP"]
[Site "SchemingMind.com"]
[Date "2005.04.06"]
[Round "-"]
[White "pcmvr"]
[Black "Steven DuCharme"]
[Result "1-0"]
[WhiteCountry "NED"]
[BlackCountry "USA"]
[WhiteElo "1860"]
[WhiteRD "96"]
[BlackElo "1453"]
[BlackRD "88"]
[GameID "12296"]

1. b4 b5 2. Bb2 Bb7 3. e3 Nf6 4. Nf3 d6 5. Bxb5+ c6 6. Be2 Nbd7 7. O-O g6 8. Na3 Bg7 9. Nc4 Rb8 10. Na5 Ba8
11. a3 O-O 12. c4 e5 13. d4 e4 14. Nd2 Re8 15. Qc2 Nf8 16. f3 d5 17. cxd5 cxd5 18. Rac1 Qc8 19. Qxc8 Rbxc8 20. Bb5 Red8
21. fxe4 Ne6 22. Nc6 Bxc6 23. Bxc6 dxe4 24. Nxe4 Nxe4 25. Bxe4
1-0

[Event "OFFICIAL WORLD CHESS CHAMPIONSHIP"]
[Site "SchemingMind.com"]
[Date "2005.04.06"]
[Round "-"]
[White "pcmvr"]
[Black "twotone"]
[Result "1-0"]
[WhiteCountry "NED"]
[BlackCountry "ENG"]
[WhiteElo "1854"]
[WhiteRD "97"]
[BlackElo "1415"]
[BlackRD "82"]
[GameID "12297"]

1. b4 e5 2. Bb2 e4 3. e3 Nf6 4. b5 d5 5. c4 c6 6. a4 Be7 7. Nc3 O-O 8. cxd5 cxd5 9. Nge2 Be6 10. Nd4 Bg4
11. Be2 Bxe2 12. Qxe2 Nbd7 13. O-O Nb6 14. Nf5 Bb4 15. f3 Nc4 16. Nxd5 Qxd5 17. Bxf6 gxf6 18. fxe4 Qxe4 19. d3 Qe6 20. Qg4+ Kh8
21. Qg7#
1-0

[Event "OFFICIAL WORLD CHESS CHAMPIONSHIP"]
[Site "SchemingMind.com"]
[Date "2005.04.06"]
[Round "-"]
[White "pcmvr"]
[Black "ana_goldberg"]
[Result "1-0"]
[WhiteCountry "NED"]
[BlackCountry "ISR"]
[WhiteElo "1854"]
[WhiteRD "97"]
[BlackElo "1257"]
[BlackRD "95"]
[GameID "12298"]

1. b4 Nf6 2. Bb2 e6 3. b5 b6 4. e3 Be7 5. c4 O-O 6. Bd3 Bb7 7. Nf3 Re8 8. O-O d5 9. cxd5 exd5 10. Nd4 Nbd7
11. Be2 Bc5 12. Nc6 Bxc6 13. bxc6 Ne5 14. Bxe5 Rxe5 15. d4 Bxd4 16. Qxd4 Qd6 17. Nc3 Rae8 18. Nb5 Qxc6 19. Rac1 Qb7 20. Rxc7 Qb8
21. Rxa7 Re4 22. Qc3 Rc8 23. Qa3
1-0

[Event "OFFICIAL WORLD CHESS CHAMPIONSHIP"]
[Site "SchemingMind.com"]
[Date "2005.04.06"]
[Round "-"]
[White "pcmvr"]
[Black "AaronB"]
[Result "1-0"]
[WhiteCountry "NED"]
[BlackCountry "USA"]
[WhiteElo "1854"]
[WhiteRD "97"]
[BlackElo "1582"]
[BlackRD "69"]
[GameID "12300"]

1. b4 e5 2. Bb2 Bxb4 3. f4 d5 4. Bxe5 Nc6 5. Bxg7 Bc5 6. Bxh8 Bxg1 7. Rxg1 Bh3 8. gxh3 Qh4+ 9. Rg3 O-O-O 10. e3 Nh6
11. Bg7 Nf5 12. Qg4 Qxg4 13. Rxg4 Re8 14. Bd3 Nfd4 15. Nc3 Nb4 16. Bxd4 b6 17. Bf5+ Kb7 18. O-O-O c5 19. Bf6 h5 20. Rg7 Rf8
21. Be6 a5 22. Rxf7+ Rxf7 23. Bxf7 Kc6 24. a3 Na6 25. Bxd5+ Kd6 26. Rg1 Nc7 27. Be5+ Kd7 28. Rg7+ Ke8 29. Rxc7 h4 30. Bc6+ Kf8
31. Bd6+ Kg8 32. Bd5+ Kh8 33. Be5#
1-0

[Event "OFFICIAL WORLD CHESS CHAMPIONSHIP"]
[Site "SchemingMind.com"]
[Date "2005.04.06"]
[Round "-"]
[White "pcmvr"]
[Black "Gordon"]
[Result "1/2-1/2"]
[WhiteCountry "NED"]
[BlackCountry "ENG"]
[WhiteElo "1854"]
[WhiteRD "97"]
[BlackElo "1992"]
[BlackRD "70"]
[GameID "12301"]

1. b4 e5 2. Bb2 Bxb4 3. f4 d6 4. fxe5 dxe5 5. Bxe5 Nf6 6. Nf3 O-O 7. e3 Nc6 8. Bb2 Ng4 9. Nc3 Bf5 10. h3 Nge5
11. Bb5 Nxf3+ 12. Qxf3 Bxc2 13. O-O Ne5 14. Qg3 Bd6 15. Ne4 Bxe4 16. Bxe5 Bxe5 17. Qxe5 Qd5 18. Qxd5 Bxd5 19. Rac1 c6 20. Bc4 Rad8
21. d4 Rfe8 22. Kf2 Re6 23. a4 Rf6+ 24. Kg1 Rxf1+ 25. Kxf1 Kf8 26. Bd3 h5 27. Kf2 Rd6 28. e4 Bb3 29. Rb1 Bxa4 30. Rxb7 Rxd4
31. Ke3 c5 32. Rxa7 Rb4 33. Rc7 Bb5=
1/2-1/2

[Event "OFFICIAL WORLD CHESS CHAMPIONSHIP"]
[Site "SchemingMind.com"]
[Date "2005.04.06"]
[Round "-"]
[White "pcmvr"]
[Black "drako"]
[Result "0-1"]
[WhiteCountry "NED"]
[BlackCountry "LAT"]
[WhiteElo "1889"]
[WhiteRD "90"]
[BlackElo "1833"]
[BlackRD "94"]
[GameID "12302"]

1. b4 a5 2. b5 c5 3. c4 e6 4. Bb2 d5 5. Nf3 Nf6 6. e3 Nbd7 7. a4 Bd6 8. Be2 O-O 9. O-O e5 10. d4 cxd4
11. exd4 e4 12. Nfd2 Re8 13. Nc3 Qc7 14. g3 Bb4 15. Rc1 dxc4 16. Nxc4 Nb6 17. Nxb6 Qxb6 18. Qd2 Be6 19. Qe3 Bb3 20. Ra1 Rac8
21. Rfc1 Qe6 22. Bf1 Bc4 23. Bg2 Bd3 24. Nd1 Rcd8 25. Qg5 Nd5 26. Ba3= h6 27. Qh4 Bd2 28. Rc5 Be2 29. Bh3 f5 30. Ra2 Bxd1
31. Rxd2 g5 32. Bxf5 Qxf5
0-1

[Event "OFFICIAL WORLD CHESS CHAMPIONSHIP"]
[Site "SchemingMind.com"]
[Date "2005.04.06"]
[Round "-"]
[White "pcmvr"]
[Black "Xabaras"]
[Result "1-0"]
[WhiteCountry "NED"]
[BlackCountry "CAY"]
[WhiteElo "1860"]
[WhiteRD "96"]
[BlackElo "1277"]
[BlackRD "164"]
[GameID "12304"]

1. b4 e5 2. Bb2 f6 3. b5 b6 4. e3 Bb7 5. Nf3 Ne7 6. Be2 c6 7. O-O d5 8. c4 dxc4 9. Bxc4 cxb5 10. Bxb5+ Bc6
11. Bxc6+ Nexc6 12. d4 exd4 13. exd4 Nb4 14. Re1+ Be7 15. Qe2 N8c6 16. Nc3 Rc8 17. d5 Nxd5 18. Rad1
1-0

[Event "OFFICIAL WORLD CHESS CHAMPIONSHIP"]
[Site "SchemingMind.com"]
[Date "2005.04.07"]
[Round "-"]
[White "Steven DuCharme"]
[Black "pcmvr"]
[Result "0-1"]
[WhiteCountry "USA"]
[BlackCountry "NED"]
[WhiteElo "1380"]
[WhiteRD "87"]
[BlackElo "1854"]
[BlackRD "97"]
[GameID "12305"]

1. g4 e5 2. d3 d5 3. g5 Be7 4. Nf3 Nc6 5. h4 h6 6. gxh6 Nxh6 7. Bg5 Nf5 8. Qd2 f6 9. e4 dxe4 10. dxe4 Nfd4
0-1

[Event "OFFICIAL WORLD CHESS CHAMPIONSHIP"]
[Site "SchemingMind.com"]
[Date "2005.04.06"]
[Round "-"]
[White "twotone"]
[Black "pcmvr"]
[Result "0-1"]
[WhiteCountry "ENG"]
[BlackCountry "NED"]
[WhiteElo "1415"]
[WhiteRD "82"]
[BlackElo "1854"]
[BlackRD "97"]
[GameID "12306"]

1. d4 e6 2. e3 Nf6 3. Bd3 d5 4. f4 c5 5. c3 Nc6 6. Nf3 Ne4 7. Nbd2 Nxd2 8. Bxd2 h6 9. O-O Be7 10. Qc2 a6
11. Ne5 Nxe5 12. fxe5 O-O 13. Rf3 Bd7 14. Rg3 Bh4 15. Rg4 c4 16. Rf1 cxd3 17. Qxd3 Bb5 18. Qb1 Bxf1 19. Qxf1 h5 20. Rf4 Bg5
21. Rf3 f6 22. exf6 Rxf6 23. Qe2 Rxf3 24. Qxf3 Qe8 25. Be1 Qb5 26. b4 Rf8 27. a4 Qd3 28. h4 Bxe3+ 29. Qf2 Rxf2 30. Bxf2 Qd1+
31. Kh2 Bxf2
0-1

[Event "OFFICIAL WORLD CHESS CHAMPIONSHIP"]
[Site "SchemingMind.com"]
[Date "2005.04.06"]
[Round "-"]
[White "AaronB"]
[Black "pcmvr"]
[Result "0-1"]
[WhiteCountry "USA"]
[BlackCountry "NED"]
[WhiteElo "1582"]
[WhiteRD "69"]
[BlackElo "1854"]
[BlackRD "97"]
[GameID "12309"]

1. c4 Nf6 2. d4 e6 3. Nc3 Bb4 4. e3 O-O 5. Bd3 d5 6. cxd5 exd5 7. a3 Bd6 8. Nf3 c6 9. h3 Nbd7 10. O-O Re8
11. b3 Ne4 12. Bb2 Ndf6 13. Nd2 Bf5 14. Ne2 Nxf2 15. Rxf2 Bxd3 16. Nf1 Ba6 17. a4 Ne4 18. Rf5 Re6 19. Ba3 Rf6 20. Rxf6 Qxf6
21. Nf4 Bxf4 22. exf4 Bxf1 23. Qxf1 Qxd4+ 24. Kh2 Nd2 25. Qd1 Qxf4+ 26. g3 Qf2+ 27. Kh1 Nf3 28. Qg1 Nxg1 29. Rxg1 Re8 30. Bc1 Re2
31. b4 Qh2#
0-1

[Event "OFFICIAL WORLD CHESS CHAMPIONSHIP"]
[Site "SchemingMind.com"]
[Date "2005.04.06"]
[Round "-"]
[White "Gordon"]
[Black "pcmvr"]
[Result "1-0"]
[WhiteCountry "ENG"]
[BlackCountry "NED"]
[WhiteElo "2067"]
[WhiteRD "61"]
[BlackElo "1860"]
[BlackRD "96"]
[GameID "12310"]

1. e4 e6 2. d4 d5 3. Nc3 Nf6 4. Bg5 dxe4 5. Nxe4 Be7 6. Bxf6 Bxf6 7. Nf3 O-O 8. Qd2 b6 9. Nxf6+ Qxf6 10. Bd3 Bb7
11. Ng5 h6 12. Nh7 Qxd4 13. Nxf8 Kxf8 14. c3 Qh4 15. g3 Qf6 16. Rf1 Bf3 17. Qe3 Nc6 18. Be4 Bxe4 19. Qxe4 Rd8 20. Rd1 Qg5
21. Rxd8+ Nxd8 22. f4 Qd5 23. Qxd5 exd5 24. Ke2 Ke7 25. Kd3 Kd6 26. Re1 Ne6 27. c4 Nc5+ 28. Kd4 Ne6+ 29. Kc3 d4+ 30. Kd3 c5
31. a3 a5 32. b3 g6 33. Re5 Nc7 34. Re4 Ne6 35. f5 Nf8 36. Re8 Nd7 37. fxg6 fxg6 38. Rg8 Ne5+ 39. Ke4 a4 40. bxa4 h5
41. h3 Nxc4 42. Rxg6+ Kc7 43. Rg5 Nxa3 44. Rxh5 Nb1 45. Kd3 Nc3 46. a5 Kb7 47. g4 Nd1 48. Rh7+ Ka6 49. g5 Nf2+ 50. Ke2 Ne4
51. g6
1-0

[Event "OFFICIAL WORLD CHESS CHAMPIONSHIP"]
[Site "SchemingMind.com"]
[Date "2005.04.06"]
[Round "-"]
[White "drako"]
[Black "pcmvr"]
[Result "0-1"]
[WhiteCountry "LAT"]
[BlackCountry "NED"]
[WhiteElo "1789"]
[WhiteRD "94"]
[BlackElo "1936"]
[BlackRD "83"]
[GameID "12311"]

1. e4 e6 2. b3 d5 3. exd5 exd5 4. Bb2 Nf6 5. Nf3 Be7 6. Be2 O-O 7. O-O Bf5 8. Re1 Nc6 9. a3 Re8 10. d4 Ne4
11. c4 dxc4 12. bxc4 Bh4 13. g3 Bf6 14. Ra2 b6 15. h3 Qd6 16. Nbd2 Nxd4 17. Nxd4 Bxd4 18. Nxe4 Rxe4 19. Bxd4 Rxd4 20. Qa4 Bxh3
21. Bf3 Rf8 22. Rae2 Be6 23. Qxa7 Rxc4 24. Re3 Rd8 25. Qa6 Rd4 26. Qb5 c5 27. Rb1 Rb8 28. Rbe1= h6 29. Be4 c4 30. Qb2 Rd2
31. Qc3 Rd8 32. Bb1 Qd4 33. Be4 Rb2 34. Rc1 Qd2 35. Rf3 g6 36. Kg2 Bg4 37. Rf6 Bf5
0-1

[Event "OFFICIAL WORLD CHESS CHAMPIONSHIP"]
[Site "SchemingMind.com"]
[Date "2005.04.06"]
[Round "-"]
[White "Xabaras"]
[Black "pcmvr"]
[Result "0-1"]
[WhiteCountry "CAY"]
[BlackCountry "NED"]
[WhiteElo "1172"]
[WhiteRD "123"]
[BlackElo "1889"]
[BlackRD "90"]
[GameID "12313"]

1. d4 e6 2. c4 Nf6 3. Nc3 d5 4. cxd5 exd5 5. Bg5 Nbd7 6. e3 Be7 7. Nf3 c6 8. Qc2 Nh5 9. Bxe7 Qxe7 10. Bd3 Nf4
11. O-O Nxd3 12. Qxd3 Nf6 13. h3 Ne4 14. Nd2 Nxd2 15. Qxd2 Qg5 16. Kh2 O-O 17. Ne2 Re8 18. Nf4 Bf5 19. Qe2 Qxf4+ 20. exf4 Rxe2
21. Rae1 Rxb2 22. Re5 Bd3
0-1